| 000 | 00968nam a22002417a 4500 | ||
|---|---|---|---|
| 999 |
_c1241 _d1241 |
||
| 003 | AR-CdUCM | ||
| 008 | 190226b ||||| |||| 00| 0 spa d | ||
| 040 |
_aMUNICIPALIDAD PROVINCIAL DEL CUSCO _cBIBLIOTECA MUNICIPAL DEL CUSCO |
||
| 082 |
_a348.4 / _bG33 |
||
| 100 |
_aGazzolo, Luis Alberto _94836 |
||
| 245 | _aManual de derecho rural / | ||
| 260 |
_aLima : _bUniversidad Nacional de San Marcos, _c1966. |
||
| 300 |
_a205 páginas :; _c24.2 cm. |
||
| 500 | _aPrimera parte. | ||
| 505 | _aParte I, contenido: Noción del derecho rural -- Fuentes -- Legislación Agrícola -- La tierra, su clasificación -- La propiedad -- las limitaciones a la propiedad rural -- El latifundio y el minifundio -- La empresa agrícola -- Legislación ... | ||
| 650 |
_aDerecho rural _94837 |
||
| 650 |
_aDerecho agrario _94838 |
||
| 650 |
_aLegislación agrícola _94839 |
||
| 650 |
_aHistoria _9136 |
||
| 650 |
_aPerú _935 |
||
| 942 |
_2ddc _cLIBROS |
||
| 945 |
_alccs _d2019-02-26 |
||